000 00453nam a2200157 i 4500
001 bg
100 1 _aMREŁA, Henryk
245 0 _aTechnika organizowania pracy /
_cHenryk Mreła.
250 _aWyd.3 zm. i uzup.
260 _aWarszawa,
_c1975.
040 _cBPK
041 _apol
942 _cKS
008 s pl f |000 0 pol
856 _uhttp://koha.tu.koszalin.pl/cgi-bin/koha/opac-detail.pl?biblionumber=26784
_yKatalog online BPK
999 _c26784
_d26784